000 00885nam a2200277Ia 4500
003 GCL
008 140319s9999 xx 000 0 ara d
020 _a6391802977
040 _aGCL /
_cGCL
082 0 4 _a928.1
_bع ن
100 1 _aعمر موسى
245 1 0 _aابن نباته المصرى :
_bامير شعراء المشرق /
_cعمر موسى
250 _aالثالثة
260 _aالقاهرة :
_bدار المعارف ،
_c1992
300 _a520 ص ؛
_c24 سم
490 _aمكتبة الدراسات الادبية
_v31
650 0 4 _aالادب العربى
650 0 4 _aمصر
650 0 4 _aالعصر المملوكى
650 0 4 _aالتراجم الادبية
650 0 4 _aالشعر العربى - تاريخ ونقد
650 0 4 _aالشام
650 0 4 _aالشعراء
650 0 4 _aابن نباته المصرى
942 _2ddc
_cBK
999 _c28535
_d28535